La comunicación como proceso social

Gardado en:
Detalles Bibliográficos
Main Authors: Ricci Bitti, Pio E (Author), Zani, Bruna (Author)
Formato: Libro
Idioma:Lingua castelá
Publicado: Ciudad de México Grijalbo 1990
Series:Colección los noventas, 41
Subjects:
Tags: Engadir etiqueta
Sen Etiquetas, Sexa o primeiro en etiquetar este rexistro!

MARC

LEADER 00000nam a2200000 a 4500
001 UCW6143
003 CL-VaPUC
008 911017e19900000MX |||||||||||||||||spa|d
082 0 4 |a 302.2  |b RIC  |2 21 
100 0 |a Ricci Bitti, Pio E  |e author  |9 311138 
700 0 |a Zani, Bruna  |e author  |9 311139 
245 1 3 |a La comunicación como proceso social 
300 |a 290 p 
942 |c BK 
945 |d 19911017 00:00:00 
260 |a Ciudad de México  |b Grijalbo  |c 1990 
650 0 |a Comunicación interpersonal   |9 307498 
650 0 |a Psicología social   |9 222894 
650 0 |a Comunicación no verbal  |9 270761 
650 0 |a Comunicación en ciencias sociales  |9 307878 
583 |a last modification  |c 19911017 00:00:00  |k Rodrigo Vera 
490 0 |a Colección los noventas, 41 
999 |c 219303  |d 219301 
952 |0 0  |1 0  |4 0  |6 302_200000000000000_RIC_1990  |7 0  |8 A  |9 210056  |a BIBEDU  |b BIBEDU  |d 2019-11-15  |i 2781484  |o 302.2 RIC 1990  |p 2781484  |r 2019-11-15  |w 2019-11-15  |y BK  |k EDU 
952 |0 0  |1 0  |4 0  |6 302_200000000000000_RIC_1990  |7 0  |8 A  |9 210057  |a BIBEDU  |b BIBEDU  |d 2019-11-15  |i 2781492  |o 302.2 RIC 1990  |p 2781492  |r 2019-11-15  |w 2019-11-15  |y BK  |k EDU 
952 |0 0  |1 0  |4 0  |6 302_200000000000000_RIC_1990  |7 0  |8 A  |9 210058  |a BIBEDU  |b BIBEDU  |d 2019-11-15  |i 2781506  |o 302.2 RIC 1990  |p 2781506  |r 2019-11-15  |w 2019-11-15  |y BK  |k EDU